000 03031ngm a2200457 4500
003 dpl
005 20080723110517.0
007 dvd
008 ||||||sp199 xxu|||||c|||| 00| 0 eng d
010 _aDVD-000217-219 & DVD-005337-5341
024 _a30021
_c499.00, 299.00 (Revised Price)
035 _aDVD-000217-219
035 _aDVD-005337-5341
040 _aDPL
_cDPL
082 _aDVD / DISN
245 _aDr. Dolittle 3:
_cTwentieth Century Fox Presents
_h[videorecording] DVD/
_bLike father, Like Daughter
250 _aSpecial Edition
260 _bTwentieth Century Fox
_aTaiwan
300 _a1 videodisc DVD; (85 min.) :
_bsd., col. ;
_c4 3/4 in.
_fDVD
500 _aCommentary by Rich Throne and Kayla Pratt
500 _aSole Distributor in India M/s. Excel Productions Autio Visuals Pvt. Ltd.
538 _aDolby Digital 5.1-English, Thai Subtitles: English, Contonese, Korean, Mandarin, Thai
538 _aAspect Ratio: 1.85:1, Presentation type: Full Screne, Presentation Size 16x9, Format DVD 9 Dual Layer Single Sided Disc.
650 _aMotion Picture
700 _aPrati, Kyla
700 _aWilson, Kristen
700 _aAmos, John
700 _aLennertz, Christopher
700 _aDolphin, Connie
942 _cCF
_2ddc
_hDVD
_mDRDO
999 _c15280
_d15280